| 000 | 00818nam a22002657a 4500 | ||
|---|---|---|---|
| 001 | 4356999 | ||
| 003 | DO-SdBNP | ||
| 005 | 20171113095444.0 | ||
| 007 | 4356999 | ||
| 008 | 081016s2006 sp | |||| 000 0 spa | ||
| 020 | _a9789870403043 | ||
| 040 |
_aBPMSU _bspa _cBPMSU |
||
| 082 | 4 |
_a770.1 _bS699s |
|
| 100 | 1 |
_aSontag, Susan _d1933-2004 |
|
| 240 | 1 | 0 |
_aOn photography. _lEspañol |
| 245 | 1 | 0 |
_aSobre la fotografía / _cSusan Sontag ; traducción de Carlos Gardini ; revisada por Aurelio Major |
| 260 |
_aBuenos Aires, Argentina : _bAfaguara, _c2006 |
||
| 300 |
_a285 p.: _c23 cm |
||
| 650 | 7 |
_aFOTOGRAFÍA _xFILOSOFÍA |
|
| 700 |
_aGardini, Carlos _etr. |
||
| 910 | _aValidado. Control de calidad MFF | ||
| 942 |
_2ddc _cBK |
||
| 945 | _aInventariado, 2017/MFF | ||
| 956 |
_aVMATEO _210 _320151111 _6BPMSU _800151 |
||
| 999 |
_c8630 _d8630 |
||